000 00662nam a22001695i 4500
001 159985
003 ES-MaACL
005 20251105063136.0
008 040915s1891 ag |||| | spa d
040 _aCAM
_bspa
_cCAM
100 1 _aMonner Sans, R.,
_d1853-1927
_9147215
245 1 0 _aAlmanaque histórico-argentino /
_ccompilado por R. Monner Sans.
260 _aBuenos Aires :
_b"La Argentina", Sociedad Cooperativa de Libreria,
_c1891 (
_fImp. "La Universidad")
300 _a48 p. ;
_c21 cm.
852 _aES-MaACL
_jT-580-F-6
_z-- Enc. hol. conservando la cub. original
_z-- Donativo Bosch
_z-- Enc. en un vol. facticio
999 _c159985
_d159985